UBT Library

The outside-in corporation : (Record no. 861)

000 -LEADER
fixed length control field 00560nam a22001817a 4500
008 - FIXED-LENGTH DATA ELEMENTS--GENERAL INFORMATION
fixed length control field 150520b xxu||||| |||| 00| 0 eng d
020 ## - INTERNATIONAL STANDARD BOOK NUMBER
International Standard Book Number 9780071459310
041 0# - LANGUAGE CODE
Language code of text/sound track or separate title eng
080 ## - UNIVERSAL DECIMAL CLASSIFICATION NUMBER
Universal Decimal Classification number 658.5
100 1# - Rafti
Rafti Bund, Barbara.
245 14 - TITLE STATEMENT
Title The outside-in corporation :
Statement of responsibility, etc Barbara E. Bund.
250 ## -
-- 1st ed.
260 ## -
-- New York :
-- McGraw-Hill,
-- c2006.
300 ## -
-- 339 p. :
-- me il.;
-- 24 cm.
650 #0 -
-- Burimet Njerëzore
650 #0 -
-- Marrëdhëniet me klientë
942 ## - ADDED ENTRY ELEMENTS (KOHA)
Source of classification or shelving scheme
Item type Books
Holdings
Withdrawn status Lost status Source of classification or shelving scheme Damaged status Not for loan Collection code Permanent location Current location Shelving location Date acquired Total Checkouts Full call number Date last seen Price effective from Koha item type
          Koleksioni i përgjithshem UBT - Lipjan UBT - Lipjan Koleksioni i përgjithshem 05/20/2015   658.5 BUN 05/20/2015 05/20/2015 Books
UBT Library © 2015-2024. All rights reserved University Education for Business and Technology